1515 1223 1307 1197 1940 1492 1847 1155 1048 1522 1207 1937 1126 1629 1786 1905 1776 1347 1361 1795 1629 1866 1297 1934 1495 1291 1985 1670 1102 1712 1253 1187 1745 1113 1078 1407 1195 1183 1293 1837 1572 1491 1356 1668 1459 1345 1997 1743 1067 1848 1764 1853 1527 1450 1152 1609 1415 1281 1260 1229 1329 1433 1108 1066 1031 1320 1168 1754 1209 1516 1491 1086 1224 1678 1316 1205 1482 1971 1814 1766 1951 1640 1259 1815 1598 1830 1455 1996 1283 1164 1580 1245 1007 1652 1253 1665 1503 1324 1698 BCNSPRNW ULIB Ver.6.0+V

เปลี่ยนเป็นภาษาไทย

Change to English
 แสดงรายละเอียดบรรณานุกรม
  กลับหน้าหลัก

Brief Record : Get Marc (ISO 2709) : E-mail record : QR code < ปิดหน้าต่าง
LEADER : 00000nam 2200000uu 4500
001    13399112324
003     ULIB
008    110627s||||||||th 000 0 tha d
020    9786160603626
090    นว.^bจ757P มปป.
100 0  เจ้าปลาน้อย
245 00 Pandora-Z...ซ่อนรักไว้เป็นความลับ/^cเจ้าปลาน้อย
260    กรุงเทพฯ :^bแจ่มใส,^cมปป.
300    180 หน้า
710 1  แจ่มใส
945    ^p139^l0^i030391
995    ทศพร
999 ^a ใช้งานได้ทุกระบบ
รายการนี้ยังไม่มีแท็ก
คุณยังไม่ได้ล็อกอิน คุณสามารถมีกิจกรรมร่วมกับเว็บไซต์ได้ แต่ต้องล็อกอินก่อน ::
  ล็อกอิน

รายการสื่อสารสนเทศ

ลำดับที่ ประเภท เลขเรียก/บาร์โค้ด สถานที่ สถานะ
- ไม่พบข้อมูล -

รายการใกล้เคียง
    ผู้แต่ง [เจ้าปลาน้อย]

BibComment


ยังไม่เคยถูกคอมเมนท์

คอมเมนท์ทรัพยากรรายการนี้
  คอมเมนท์: PandoraZซ่อนรักไว..


 Copyright 2026. Bcnsprnw @Library